| 000 | 00632nam a22001937a 4500 | ||
|---|---|---|---|
| 005 | 20131218111755.0 | ||
| 010 | _aENG-108860 | ||
| 020 |
_a9788192563602 _c850.00 |
||
| 035 | _aEN-92393 | ||
| 037 | _bDBAD/PUB | ||
| 082 | _a338.9 | ||
| 100 | _aMishra, Rabindra Kumar | ||
| 245 |
_aEconomic development and growth : _cby Rabindra Kumar Mishra _ban Indian perspective / |
||
| 260 |
_aNew Delhi _bS.K. Book Agency _c2013 |
||
| 270 |
_a5A/12, Ansari Road Daryaganj _bNew Delhi _e110002 |
||
| 300 |
_aviii,232p. _c22cm(Hb) |
||
| 500 | _aIncludes bibliographical references and index | ||
| 942 |
_2ddc _cEN _mMIS _h338.9 |
||
| 999 |
_c81213 _d81213 |
||